| 000 | 00390nam a2200145 a 4500 | ||
|---|---|---|---|
| 001 | 2309 | ||
| 003 | CDMR | ||
| 005 | 20130904131959.0 | ||
| 008 | 130130s2002||||||||||||||||||||||||||||d | ||
| 040 |
_aCDMR _bcat _cCPC GIRONA |
||
| 100 | 1 |
_aSabés Turmo, Fernando _91730 |
|
| 245 | 1 | 3 |
_aLa radio y la televisión local en Aragón _cSabés Turmo, Fernando |
| 260 |
_c2002 _bMilenio |
||
| 942 |
_cMON _2udc |
||
| 999 |
_c2309 _d2309 |
||